| 000 | 01179cam a2200301Ia 4500 | ||
|---|---|---|---|
| 005 | 20150605092245.0 | ||
| 008 | 150605s2012 fr b frb 001 0 fre d | ||
| 020 | _a9782330009304 | ||
| 020 | _a2330009305 | ||
| 035 | _a(OCoLC)816490065 | ||
| 040 |
_aCO-BoUCM _bspa _cJose A. Gerena _dJose A. Gerena |
||
| 041 | 1 | _afre | |
| 100 | 1 |
_aReybrouck, David van _969429 |
|
| 245 | 1 | 0 |
_aCongo _bune histoire _cDavid Van Reybrouck |
| 260 |
_aArlés (Bocas del Ródano, Francia) _bActes sud _c2012 |
||
| 300 |
_a711 páginas _bmapas |
||
| 490 | 1 | _aLettres néerlandaises | |
| 504 | _aIncluye referencias bibliográficas e índices | ||
| 650 | 7 |
_aHistoria _97695 _zRepública del Congo (África) |
|
| 650 | 7 |
_aColonialismo _911141 _zRepública del Congo (África) |
|
| 650 | 7 |
_aDemocracia _912617 _zRepública del Congo (África) |
|
| 650 | 7 |
_aDesarrollo político _912983 _zRepública del Congo (África) |
|
| 651 | 4 |
_aRepública del Congo (África) _xHistoria _969430 |
|
| 651 | 4 |
_aRepública del Congo (África) _xPolítica y gobierno _969431 |
|
| 690 |
_942841 _aHistoria de África |
||
| 942 |
_2DEWEY _a21 _cLIBRO _e1 _h967.24 _mR457 |
||
| 999 |
_c299317 _d299317 |
||